Caesar in the USA (Record no. 208020)
[ view plain ]
| 000 -LEADER | |
|---|---|
| fixed length control field | 01486nam a2200373 a 4500 |
| 082 04 - DEWEY DECIMAL CLASSIFICATION NUMBER | |
| Classification number | 306.20973 |
| 100 1# - MAIN ENTRY--AUTHOR NAME | |
| Personal name | Wyke, Maria. |
| 245 10 - TITLE STATEMENT | |
| Title | Caesar in the USA |
| 260 ## - PUBLICATION, DISTRIBUTION, ETC. (IMPRINT) | |
| Place of publication | Berkeley : |
| Name of publisher | University of California Press, |
| Year of publication | c2012. |
| 300 ## - PHYSICAL DESCRIPTION | |
| Number of Pages | xii, 306 p. : |
| Other physical details | ill. |
| 490 1# - SERIES STATEMENT | |
| Series statement | The Joan Palevsky imprint in classical literature |
| 505 0# - FORMATTED CONTENTS NOTE | |
| Formatted contents note | pt. 1. Education -- pt. 2. Political culture. |
| 650 #0 - SUBJECT ADDED ENTRY--TOPICAL TERM | |
| Topical Term | Political culture |
| 856 40 - ELECTRONIC LOCATION AND ACCESS | |
| Uniform Resource Identifier | http://site.ebrary.com/lib/rucke/Doc?id=10611515 |
No items available.
